| 000 | 01277nam a22002897a 4500 | ||
|---|---|---|---|
| 003 | 0 | ||
| 005 | 20180828112854.0 | ||
| 008 | 0 | ||
| 010 | _aA-731462 | ||
| 020 |
_c50.00 _a817145061 |
||
| 035 | _aA-731462 ,A-731470 | ||
| 037 | _bCen Lib/Ret | ||
| 040 |
_aDPL _bHN _c0 |
||
| 082 |
_aउ _bआशापू |
||
| 100 |
_aआशापूर्णा देवी _958909 |
||
| 245 |
_aस्वर्ग की खरीददारी / _cआशापूर्णा देवी; अनुवादक योगेन्द्र चौधरी |
||
| 246 |
_aSwarg ki khariddari / _bby Ashapurna Devi; anuvadak Yogendra Chaudhary |
||
| 260 |
_aदिल्ली _bसन्मार्ग प्रकाशन _c1995 |
||
| 270 |
_a16,यु. बी., बैंगलो रोड, जवाहर नगर _bदिल्ली _e110007 |
||
| 300 |
_a79पृ. _c21सेमी (सजिल्द) |
||
| 650 |
_a हिन्दी साहित्य _958910 |
||
| 650 |
_a हिन्दी साहित्य -- उपन्यास _946379 |
||
| 650 |
_aHindi literature _958911 |
||
| 650 |
_aHindi literature -- Fiction _958912 |
||
| 700 |
_aचौधरी, योगेन्द्र _958913 |
||
| 942 |
_2ddc _cHN _hउ _mआशापू |
||
| 999 |
_c114904 _d114904 |
||